00383nam a2200109Ia 4500008004100000100002000041245009100061500006900152650002800221942000700249999001700256181011s9999 xx 000 0 und d aAndreas D'Souza 0aIn search of the Authentic: Ahmad Khan's Reinterpretation of the concept of Revelation a"Journal of Henry Martyn Institute Jan- June , July - Dec 2003" aPhilosophy And Theology cBR c22217d22217